000 00640nam a2200205 a 4500
005 20240911063955.0
008 010601s1999 ea r 000 0 eng d
020 _a1888001690
035 _aUPN01000107329
049 _aCG
050 4 _aHF5802
_bA29 2000
245 0 0 _aAdvertising annual 2000 :
_bthe International Annual of Advertising /
_cpublisher and creative B. Martin Pedersen; ed. Nicole Ray.
260 _aNew York :
_bGraphis,
_c1999.
300 _a248 p. :
_bil. col.
650 2 _aPublicidad
_95809
650 4 _aArte comercial
_92449
650 4 _aAGENCIAS DE PUBLICIDAD
_929
700 1 _aRay, Nicole,
_eed.
905 _aLibro
999 _c81241
_d81241